| 000 | 00866nam a2200253 a 4500 | ||
|---|---|---|---|
| 001 | 000046435 | ||
| 003 | OSt | ||
| 005 | 20240412074305.0 | ||
| 008 | 150813s1980 dr 000 0 spa d | ||
| 040 |
_aDO-SdBNP _bspa _cDO-SdBNP |
||
| 082 |
_aRD863.4 _bC422s,1980 |
||
| 100 | 1 |
_aCestero, Tulio M., _q(Tulio Manuel), _d1877-1955 _91698 |
|
| 245 | 1 | 3 |
_aLa sangre : _buna vida bajo la tiranía / _cTulio Manuel Cestero ; introducción (juicios compilados por Vetilio Alfau Durán). |
| 250 | _a4a ed. | ||
| 260 |
_aSanto Domingo : _bCosmos, _c1980. |
||
| 300 |
_axvi, 214 p. ; _c18 cm. |
||
| 590 | _aInventariado, 2019/BT | ||
| 650 | 0 |
_aNovela histórica dominicana. _9860 |
|
| 650 | 0 |
_aLiteratura dominicana. _967 |
|
| 700 | 1 | 2 |
_aAlfau Durán, Vetilio, _d1909-1985 _ecomp. _910091 |
| 910 | _aValidado. Control de calidad. MFF | ||
| 942 |
_2ddc _cLBS1 |
||
| 956 | _aVMateo | ||
| 999 |
_c45924 _d45924 |
||